000 00535nam a2200181Ia 4500
999 _c13708
_d13708
003 OSt
005 20201013160544.0
008 190216s9999||||xx |||||||||||||| ||und||
020 _a818539248
040 _coclc
082 _a820.09
_bKET/I
100 _aKettle, Arnold
_95669
245 3 _aAn Introduction To English Novel /
_cArnold Kettle
260 _bUniversal Bookstall Newdelhi,
_c1967.
_anew delhi:
300 _a185p
650 _aEnglish Literature
942 _cBK
_2ddc
_h820.09
_iKET/I
_k820.09
_mKET/I